000 00578nam a2200181Ia 4500
999 _c5982
_d5982
003 OSt
005 20200125105146.0
008 190216s9999||||xx |||||||||||||| ||und||
020 _a0074620495
040 _coclc
082 _a658.152
_bCHA/P
100 _a Chandra, Prasanna
_91069
245 0 _aProjects Planning ,analysis,selection ,implementation And Review /
_cPrasanna Chandra
250 _a4th ed.
260 _bTata Mcgraw Hill Publishing Company Ltd,
_c1999.
_aNew Delhi:
300 _a645 p
942 _cBK
_2ddc
_h658.152
_iCHA/P
_k658.152
_mCHA/P